书目信息 |
| 书名: | Check-in check-out | |
| 作者: | Gary K. Vallen, Jerome J. Vallen | |
| 分册号: | ||
| 分册名: | 出版地: | Upper Saddle River, N.J. : |
|
| 出版社: | Prentice Hall | |
| 出版时间: | c1996. | |
| 页数: | xxii, 450 p. : | |
| 开本: | 27 cm. | |
| 丛书名: | ||
| 中图分类号: | ||
| 科图分类号: | ||
| 其他分类号: | F59 | |
| 主题词: | ||
| 电子资源: | ||
| 000 | 00992nam 2200337 a 4500 | |
| 001 | E0754355511 | |
| 003 | OCoLC | |
| 005 | 20070422151014.26 | |
| 008 | 001 0 eng | |
| 008 | uu | |
| 008 | 001996 | |
| 010 | @a99012878 | |
| 020 | @a0130829161. | |
| 040 | @aDLC @cDLC @dC#P | |
| 042 | @apcc | |
| 049 | @aN5LA | |
| 050 | 00 | @aTX911.3.M27 @bV32 2000 |
| 082 | 00 | @a647.94/068 @221 |
| 090 | @a2-2000/F719/V183/2000//////1275958 | |
| 090 | @aF59 | |
| 096 | @aF719 @v4 | |
| 099 | @dF59@ex42=5 | |
| 100 | 1 | @aVallen, Gary K. |
| 245 | 10 | @aCheck-in check-out / @cGary K. Vallen, Jerome J. Vallen |
| 250 | @a5th ed. | |
| 260 | @aUpper Saddle River, N.J. :@bPrentice Hall,@cc1996. | |
| 300 | @axxii, 450 p. :@bill. ;@c27 cm. | |
| 504 | @aIncludes bibliographical references (p. 505-507) and index. | |
| 650 | 0 | @aMotel management. |
| 650 | 0 | @aHotel management. |
| 700 | 1 | @aVallen, Jerome J. @b00 @c20020930 @lNLC09 @h2255 @lNLC09 @h0037 @lNLC09 @h2034 |
| Check-in check-out / / Gary K. Vallen, Jerome J. Vallen.-5th ed.-Upper Saddle River, N.J. : : Prentice Hall, , c1996. |
| xxii, 450 p. : : ill. ; ; 27 cm. |
| Includes bibliographical references (p. 505-507) and index. |
| ISBN 0130829161. |
| ● |
| 相关链接 |
|
|
|
|
正题名:Check-in check-out
索取号:F59/x42=5
 
预约/预借
| 序号 | 登录号 | 条形码 | 馆藏地/架位号 | 状态 | 备注 |
| 1 | 0004467 | 300044672 | 第二样本阅览室/ [索取号:F59/x42=5] | 在馆 |